[Event "Stuttgarter Stadtmeisterschaft B"]
[Site "Ditzingen"]
[Date "2015.05.17"]
[Round "7.52"]
[White "Weber, Yannik"]
[Black "Jüttner, Mark"]
[Result "1-0"]
[WhiteElo "1545"]
[BlackElo "1472"]
[PlyCount "83"]
[EventDate "2015.??.??"]
[WhiteTeam "SC Neckarsulm"]
[BlackTeam "SpVgg Rommelshausen"]

1. e4 e5 2. Nf3 Nc6 3. Nc3 Nf6 4. d4 exd4 5. Nxd4 Bc5 6. Nb3 Bb6 7. Bg5 O-O 8.
Qf3 Bd4 9. Bb5 Ne5 10. Qg3 Bxc3+ 11. bxc3 d6 12. Bd3 Qe7 13. O-O Qe6 14. Nd4
Qg4 15. Bxf6 Qxg3 16. fxg3 gxf6 17. Rxf6 Ng4 18. Rf4 Kh8 19. Raf1 c5 20. Nb5
Be6 21. Nxd6 Ne5 22. Nxb7 c4 23. Be2 Rab8 24. Nc5 Rfd8 25. Nxe6 fxe6 26. Rf6
Re8 27. Bh5 Re7 28. Rf8+ Rxf8 29. Rxf8+ Kg7 30. Rc8 Rd7 31. h3 Rd2 32. Rc5 Nd7
33. Rc7 Kh6 34. Bg4 Nf6 35. Bxe6 Nxe4 36. Bxc4 Rd1+ 37. Kh2 Nf2 38. g4 Rh1+ 39.
Kg3 Ne4+ 40. Kh4 Rh2 41. Bd3 Ng5 42. Rc6+ 1-0

[Event "Stuttgarter Stadtmeisterschaft B"]
[Site "Ditzingen"]
[Date "2015.05.17"]
[Round "7.53"]
[White "Jünk, Stefan"]
[Black "Ustaosman, Hasan"]
[Result "1/2-1/2"]
[WhiteElo "1460"]
[BlackElo "1145"]
[PlyCount "113"]
[EventDate "2015.??.??"]
[WhiteTeam "SC Leinzell"]
[BlackTeam "TSG Steinheim"]

1. e4 Nf6 2. Nc3 e5 3. Nf3 Nc6 4. Bb5 d6 5. a3 h6 6. d4 exd4 7. Nxd4 Bg4 8. f3
Bd7 9. Bc4 Be7 10. Be3 Ne5 11. Ba2 c5 12. Nf5 Bxf5 13. exf5 Qd7 14. g4 O-O-O
15. Qe2 Qc6 16. Rf1 d5 17. Bf2 Nc4 18. O-O-O Bd6 19. Nxd5 Nxd5 20. Qxc4 Bf4+
21. Kb1 Ne3 22. Bxe3 Bxe3 23. Rxd8+ Rxd8 24. Qxf7 Bd4 25. h4 Be5 26. Qe6+ Qd7
27. Qxd7+ Kxd7 28. f4 Bf6 29. g5 hxg5 30. fxg5 Be7 31. f6 gxf6 32. g6 Bf8 33.
Rxf6 Ke7 34. Rf7+ Ke8 35. Be6 Rd6 36. Bd7+ Rxd7 37. Rxd7 Kxd7 38. h5 Bg7 39. c4
Kd6 40. Kc2 b6 41. Kd3 Ke5 42. Ke3 Kf5 43. b4 Bd4+ 44. Kf3 Kg5 45. Ke4 Kxh5 46.
bxc5 bxc5 47. g7 Bxg7 48. a4 Bc3 49. Kd5 Bb4 50. a5 Bxa5 51. Kxc5 Bd2 52. Kb5
Kg5 53. c5 Be3 54. c6 Bb6 55. Ka6 Kf6 56. c7 Bxc7 57. Kxa7 1/2-1/2

[Event "Stuttgarter Stadtmeisterschaft B"]
[Site "Ditzingen"]
[Date "2015.05.17"]
[Round "7.55"]
[White "Dreyer, Andre"]
[Black "Steinhart, Matthias"]
[Result "1/2-1/2"]
[WhiteElo "1891"]
[BlackElo "1768"]
[PlyCount "88"]
[EventDate "2015.??.??"]
[WhiteTeam "SV Stockenhausen-Frommern"]
[BlackTeam "SF Freiberg"]

1. d4 d5 2. c4 Nc6 3. Nf3 Bg4 4. Nc3 e6 5. e3 Nf6 6. h3 Bh5 7. cxd5 exd5 8. Bb5
Bxf3 9. Qxf3 Bb4 10. O-O O-O 11. Bd2 Ne7 12. Rac1 c6 13. Bd3 Ng6 14. Rc2 Re8
15. Rfc1 Bd6 16. Na4 Ne4 17. Nc5 Bxc5 18. dxc5 Nxd2 19. Rxd2 Qa5 20. Rc3 Ne5
21. Qe2 Nxd3 22. Qxd3 Re6 23. Qc2 Qd8 24. Rd4 Rg6 25. e4 Qg5 26. Rg3 Qf6 27.
Rb4 Rxg3 28. fxg3 Qg6 29. Rxb7 Qxg3 30. Qf2 Qxf2+ 31. Kxf2 dxe4 32. Ke3 f5 33.
Rc7 Re8 34. Rxc6 g5 35. b4 f4+ 36. Ke2 e3 37. Rd6 Re4 38. b5 Rc4 39. c6 Kf7 40.
Rd7+ Ke6 41. Rxa7 Rc2+ 42. Kf1 Rf2+ 43. Kg1 Rc2 44. Kf1 Rf2+ 1/2-1/2

[Event "Stuttgarter Stadtmeisterschaft B"]
[Site "Ditzingen"]
[Date "2015.05.17"]
[Round "7.56"]
[White "Pocrnic, Josip"]
[Black "Pibernik, Dario"]
[Result "1-0"]
[WhiteElo "1782"]
[BlackElo "1525"]
[PlyCount "41"]
[EventDate "2015.??.??"]
[WhiteTeam "SF Conweiler"]
[BlackTeam "SV Schorndorf"]

1. e4 c5 2. Nf3 Nc6 3. Nc3 e6 4. d4 cxd4 5. Nxd4 a6 6. Be3 Bb4 7. Qd2 Nf6 8. f3
d5 9. Nxc6 bxc6 10. a3 Ba5 11. b4 Bc7 12. exd5 Nxd5 13. Nxd5 exd5 14. Be2 Qh4+
15. Bf2 Qf6 16. O-O O-O 17. Bd4 Qg6 18. Bd3 Qh5 19. g3 Bh3 20. Rf2 f5 21. f4 {
Rest unklar (65.)} 1-0